LEADER 00880cam0 22002773 450 001 SON0002889 005 20210302101454.0 010 $a2130468454 100 $a20040211d1995 |||||ita|0103 ba 101 $afre 102 $aFR 200 1 $aIdentités visuelles$fJean-Marie Floch 210 $aParis$cPresses Universitaires de France$d1995 215 $a22 p.$d22 cm 225 2 $aFormes Sémiotiques 410 1$1001LAEC00015832$12001 $a*Formes Sémiotiques 700 1$aFloch$b, Jean-Marie$3AF00004698$4070$0145660 801 0$aIT$bUNISOB$c20210302$gRICA 850 $aUNISOB 852 $aUNISOB$j300$m103518 912 $aSON0002889 940 $aM 102 Monografia moderna SBN 941 $aM 957 $a300$b003099$gSI$d103518$rACQUISTO$1carrano$2UNISOB$3UNISOB$420120210133433.0$520190731160057.0$6Spinosa 996 $aIdentités visuelles$920181 997 $aUNISOB